| 000 | 01015nam a2200301 i 4500 | ||
|---|---|---|---|
| 001 | 768714001 | ||
| 003 | CO-MdFUSB | ||
| 005 | 20260318152533.0 | ||
| 007 | ta | ||
| 008 | 241009t1996 sz ||||| |||| 001 0 spa d | ||
| 020 | _a9782882080301 | ||
| 040 |
_bspa. _aCO-MdFUSB _cCO-MdFUSB _dCO-MdFUSBC _erda |
||
| 041 | _aspa | ||
| 082 |
_223 _a232 _bAN555 |
||
| 100 |
_aAndré, G., _eautor |
||
| 245 | 0 |
_a¿Quién es Jesús? _c/ G. André |
|
| 264 | 1 |
_bEdiciones Bíblicas, _aPerroy, Suiza : _c[1996] |
|
| 264 | 4 | _c©1996 | |
| 300 |
_a64 páginas _c; 18 cm |
||
| 336 |
_2rdacontent _atexto _btxt |
||
| 337 |
_2rdamedia _asin mediación _bn |
||
| 338 |
_2rdacarrier _avolumen _bnc |
||
| 505 | _aEl Hijo de Dios . -- El Hijo del Hombre . -- El Salvador . -- El Cristo - El Mesías . -- El Señor (Cabeza sobre todas las cosas) . -- Las figuras de Cristo en el Antiguo Testamento . -- El amado Hijo del Padre. | ||
| 563 | _aRústica | ||
| 650 | 7 |
_aCristología _9239 |
|
| 942 | _cBK | ||
| 945 | _aCatherine Arias Alvarez | ||
| 999 |
_c71061 _d71061 |
||